Top 15 non-English Languages by State (Arkansas) - Statistics

General Stats
  • This quiz has been taken 15 times
  • The average score is 10 of 15
Answer Stats
Answer % Correct
Spanish
100%
Arabic
93%
French
93%
German
93%
Japanese
93%
Korean
93%
Chinese
80%
Hindi
80%
Portuguese
80%
Tagalog
67%
Vietnamese
67%
Gujarati
40%
Laotian/Lao
40%
Hmong
20%
Marshallese
7%
No matching quizzes found
Score Distribution
Percent of People with Each Score
Percentile by Number Answered
Your Score History
You have not taken this quiz